[Event "Winnipeg TNT February op"]
[Site "Winnipeg CAN"]
[Date "2008.02.05"]
[Round "1"]
[White "Lauritson, Jim"]
[Black "Green, Aaron"]
[Result "0-1"]
[WhiteElo "2026"]
[BlackElo "1574"]
[PlyCount "132"]
[GameId "2160767910413601"]
[EventDate "2008.02.05"]
[EventType "swiss"]
[EventRounds "4"]
[EventCountry "CAN"]
[SourceTitle "EXT 2011"]
[Source "ChessBase"]
[SourceDate "2011.11.26"]
[SourceVersion "1"]
[SourceVersionDate "2011.11.26"]
[SourceQuality "1"]

1. d4 Nf6 2. c4 g6 3. Nc3 Bg7 4. e4 d6 5. Nf3 O-O 6. Be2 e5 7. d5 Nbd7 8. Bg5 h6 9. Bh4 Qe8 10. b4 a5 11. a3 Nh7 12. O-O g5 13. Bg3 h5 14. h4 g4 15. Ng5 Nxg5 16. hxg5 f6 17. Bh4 fxg5 18. Bxg5 Bf6 19. Qd2 axb4 20. axb4 Rxa1 21. Rxa1 Qg6 22. Bh6 Bg7 23. Bxg7 Qxg7 24. f3 gxf3 25. Bf1 Qg3 26. Qf2 Qxf2+ 27. Kxf2 fxg2+ 28. Kxg2 Nf6 29. Kg3 Bg4 30. Bg2 Ne8 31. Ra7 b6 32. Nb5 Rf7 33. Ra8 Kf8 34. Bh3 Rf3+ 35. Kg2 Ke7 36. Bxg4 hxg4 37. Na7 Re3 38. Nc6+ Kf8 39. c5 bxc5 40. bxc5 Rxe4 41. cxd6 cxd6 42. Kg3 Rc4 43. Rc8 Rc5 44. Kxg4 Rxd5 45. Kf5 Kf7 46. Ke4 Rd1 47. Nd8+ Ke7 48. Nb7 Kd7 49. Rd8+ Kc7 50. Rxe8 Kxb7 51. Rd8 Rd4+ 52. Ke3 Kc6 53. Rc8+ Kd5 54. Rc7 e4 55. Rd7 Rd3+ 56. Ke2 Ke6 57. Rd8 d5 58. Re8+ Kd6 59. Rd8+ Kc5 60. Ra8 Rc3 61. Kd2 Kd4 62. Ra4+ Rc4 63. Ra3 Rb4 64. Ra2 e3+ 65. Ke2 Ke4 66. Ra8 Rb2+ 0-1

[Event "Winnipeg TNT February op"]
[Site "Winnipeg CAN"]
[Date "2008.02.05"]
[Round "1"]
[White "Letain, Cory"]
[Black "Kernetsky, Myron"]
[Result "1/2-1/2"]
[WhiteElo "1375"]
[BlackElo "1896"]
[PlyCount "65"]
[GameId "2160767910413602"]
[EventDate "2008.02.05"]
[EventType "swiss"]
[EventRounds "4"]
[EventCountry "CAN"]
[SourceTitle "EXT 2011"]
[Source "ChessBase"]
[SourceDate "2011.11.26"]
[SourceVersion "1"]
[SourceVersionDate "2011.11.26"]
[SourceQuality "1"]

1. e4 c5 2. Nf3 Nc6 3. d4 cxd4 4. Nxd4 Nf6 5. Nc3 e5 6. Nf3 d6 7. Bc4 Be7 8. O-O O-O 9. h3 Be6 10. Bxe6 fxe6 11. Bg5 a6 12. a3 Qc7 13. Qe2 Na5 14. Bxf6 Rxf6 15. Nd2 Rc8 16. Rac1 Rg6 17. Nd1 b5 18. Ne3 Bg5 19. b4 Bxe3 20. Qxe3 Nc4 21. Nxc4 Qxc4 22. Rfd1 Rc6 23. Rd2 Rf6 24. Rcd1 Rf8 25. Rxd6 Qxc2 26. Rxc6 Qxc6 27. Rc1 Qd6 28. Qc5 Rd8 29. Qxd6 Rxd6 30. Rc3 Kf7 31. Rf3+ Ke7 32. Rg3 Kf6 33. Rf3+ 1/2-1/2

[Event "Winnipeg TNT February op"]
[Site "Winnipeg CAN"]
[Date "2008.02.05"]
[Round "1"]
[White "Lipic, Stephen"]
[Black "Mundwiler, Les"]
[Result "0-1"]
[WhiteElo "1626"]
[BlackElo "2049"]
[PlyCount "90"]
[GameId "2160767910442275"]
[EventDate "2008.02.05"]
[EventType "swiss"]
[EventRounds "4"]
[EventCountry "CAN"]
[SourceTitle "EXT 2011"]
[Source "ChessBase"]
[SourceDate "2011.11.26"]
[SourceVersion "1"]
[SourceVersionDate "2011.11.26"]
[SourceQuality "1"]

1. d4 Nf6 2. e3 d6 3. Bd3 Nbd7 4. c4 e5 5. Nc3 Be7 6. Nge2 c6 7. b3 Qa5 8. O-O h5 9. Bd2 Qc7 10. Rc1 a6 11. d5 c5 12. Ng3 g6 13. f4 h4 14. Nge4 Nxe4 15. Nxe4 f5 16. Nf2 e4 17. Be2 Nf8 18. Nh3 Bf6 19. Bc3 Qg7 20. Qe1 Bxc3 21. Qxc3 Qxc3 22. Rxc3 Nh7 23. Rb1 a5 24. a3 Kd7 25. b4 axb4 26. axb4 b6 27. b5 Bb7 28. Rcc1 Ra2 29. Bf1 Rha8 30. Rc3 Ke7 31. Rbc1 Nf6 32. Ng5 Bc8 33. h3 Nh5 34. R1c2 Ng3 35. Rxa2 Rxa2 36. Rc1 Bd7 37. Re1 Nh5 38. Be2 Ng3 39. Bf1 Nxf1 40. Kxf1 Rc2 41. Ra1 Rxc4 42. Ra6 Rb4 43. Rxb6 Rxb5 44. Rxb5 Bxb5+ 45. Ke1 Bc4 0-1

[Event "Winnipeg TNT February op"]
[Site "Winnipeg CAN"]
[Date "2008.02.05"]
[Round "1"]
[White "Liu, Weixi"]
[Black "Wasserman, Leor"]
[Result "1-0"]
[WhiteElo "1905"]
[BlackElo "1444"]
[PlyCount "123"]
[GameId "2160767910442276"]
[EventDate "2008.02.05"]
[EventType "swiss"]
[EventRounds "4"]
[EventCountry "CAN"]
[SourceTitle "EXT 2011"]
[Source "ChessBase"]
[SourceDate "2011.11.26"]
[SourceVersion "1"]
[SourceVersionDate "2011.11.26"]
[SourceQuality "1"]

1. d4 d5 2. c4 c6 3. Nf3 Bg4 4. Ne5 Bf5 5. Qb3 Qb6 6. Qxb6 axb6 7. cxd5 cxd5 8. Nc3 e6 9. Nb5 Bb4+ 10. Bd2 Bxd2+ 11. Kxd2 Na6 12. Nd6+ Ke7 13. Ndxf7 Nf6 14. Nxh8 Rxh8 15. f3 Nb4 16. a3 Nc2 17. Rc1 Nxd4 18. Rc3 Nb5 19. Rb3 Nd6 20. e3 Rc8 21. Bd3 Bxd3 22. Rxd3 Nc4+ 23. Nxc4 dxc4 24. Rc3 Rd8+ 25. Ke2 b5 26. a4 Nd5 27. Rcc1 Ra8 28. axb5 Ra2 29. Rxc4 Rxb2+ 30. Kd3 Rb3+ 31. Kd2 Rxb5 32. Rhc1 Rb3 33. e4 Nf4 34. g3 Ng6 35. f4 h5 36. e5 b6 37. Rc7+ Kf8 38. Rc8+ Kf7 39. R1c7+ Ne7 40. Rb8 Rb2+ 41. Kd3 Rb3+ 42. Kc4 Rb1 43. Kd3 Rb3+ 44. Ke2 Rb2+ 45. Kf3 Rb3+ 46. Kg2 Rb2+ 47. Kh3 Kg6 48. Rxe7 Kf5 49. Rxg7 h4 50. gxh4 Kxf4 51. h5 Kxe5 52. h6 Rb3+ 53. Rg3 Rxg3+ 54. Kxg3 b5 55. h7 Kd5 56. h8=Q Kc5 57. Qe5+ Kc6 58. Rxb5 Kd7 59. Rb6 Kd8 60. Qg7 Kc8 61. Rb7 e5 62. Qd7# 1-0

[Event "Winnipeg TNT February op"]
[Site "Winnipeg CAN"]
[Date "2008.02.05"]
[Round "1"]
[White "Wierda, John"]
[Black "Lipnowski, Samuel"]
[Result "1/2-1/2"]
[WhiteElo "1642"]
[BlackElo "2287"]
[PlyCount "159"]
[GameId "2160767910442279"]
[EventDate "2008.02.05"]
[EventType "swiss"]
[EventRounds "4"]
[EventCountry "CAN"]
[SourceTitle "EXT 2011"]
[Source "ChessBase"]
[SourceDate "2011.11.26"]
[SourceVersion "1"]
[SourceVersionDate "2011.11.26"]
[SourceQuality "1"]

1. Nf3 d5 2. c4 dxc4 3. Qa4+ Bd7 4. Qxc4 Nc6 5. a3 Nf6 6. d3 e6 7. g3 Be7 8. Bg2 O-O 9. O-O Nd5 10. Qc2 Bf6 11. Nc3 Nxc3 12. bxc3 Rb8 13. Be3 b6 14. Rfc1 Na5 15. Rab1 Qe8 16. Nd2 Ba4 17. Qa2 c5 18. Nc4 Nxc4 19. Qxc4 Qd7 20. Qg4 e5 21. Qxd7 Bxd7 22. c4 Bg4 23. f3 Be6 24. Kf2 Rbd8 25. a4 Rd6 26. a5 Bd8 27. axb6 axb6 28. Rc3 f5 29. f4 exf4 30. Bxf4 Rd7 31. Ra3 g5 32. Bc6 gxf4 33. Bxd7 fxg3+ 34. hxg3 Bxd7 35. e3 Bc6 36. d4 Be4 37. Rc1 h5 38. d5 h4 39. gxh4 Bxh4+ 40. Ke2 b5 41. cxb5 Bxd5 42. Rd3 Be4 43. Rd7 Rc8 44. b6 Bc6 45. Rc7 Bb5+ 46. Kf3 Rb8 47. b7 Rxb7 48. Rxb7 Bc6+ 49. Kf4 Bxb7 50. Rxc5 Be7 51. Rxf5 Bd6+ 52. Kg5 Kg7 53. Rb5 Bc8 54. e4 Kf7 55. Rf5+ Ke7 56. e5 Bb4 57. Kf4 Bb7 58. Rh5 Bc8 59. Kf3 Bd2 60. Ke4 Ke6 61. Kd3 Bb4 62. Kc4 Be7 63. Kd4 Ba3 64. Rh6+ Ke7 65. Rh7+ Ke6 66. Rh6+ Kd7 67. Rh7+ Kc6 68. e6 Kd6 69. Rh6 Bb7 70. e7+ Kd7 71. Kc3 Bd5 72. Ra6 Bc1 73. Ra7+ Ke8 74. Kd4 Bf3 75. Kd3 Bb2 76. Ra2 Bg7 77. Ke3 Bc6 78. Ra6 Bd5 79. Ra5 Bh6+ 80. Kd4 1/2-1/2

[Event "Winnipeg TNT February op"]
[Site "Winnipeg CAN"]
[Date "2008.02.12"]
[Round "2"]
[White "Crawford, Gary"]
[Black "Campbell, Gary"]
[Result "0-1"]
[WhiteElo "1326"]
[BlackElo "1637"]
[PlyCount "61"]
[GameId "2160767910442280"]
[EventDate "2008.02.05"]
[EventType "swiss"]
[EventRounds "4"]
[EventCountry "CAN"]
[SourceTitle "EXT 2011"]
[Source "ChessBase"]
[SourceDate "2011.11.26"]
[SourceVersion "1"]
[SourceVersionDate "2011.11.26"]
[SourceQuality "1"]

1. e4 c5 2. Nf3 Nc6 3. c3 d5 4. e5 Bg4 5. d4 e6 6. Be2 Bxf3 7. Bxf3 cxd4 8. cxd4 Qb6 9. O-O Qxd4 10. Qxd4 Nxd4 11. Bd1 Ne7 12. Be3 Ndc6 13. f4 Nf5 14. Bd2 Bc5+ 15. Kh1 Be3 16. Rf3 Bxd2 17. Nxd2 Rc8 18. Rc3 O-O 19. Rac1 Nce7 20. Rc7 Rxc7 21. Rxc7 Rc8 22. Rd7 Ng6 23. Nb3 Ne3 24. Bh5 Rc2 25. g3 Rxb2 26. h4 Nf1 27. Bxg6 hxg6 28. g4 Ne3 29. f5 gxf5 30. gxf5 Nxf5 31. h5 0-1

[Event "Winnipeg TNT February op"]
[Site "Winnipeg CAN"]
[Date "2008.02.12"]
[Round "2"]
[White "Gibson, Fred"]
[Black "Wierda, John"]
[Result "0-1"]
[WhiteElo "1368"]
[BlackElo "1642"]
[PlyCount "40"]
[GameId "2160767910442281"]
[EventDate "2008.02.05"]
[EventType "swiss"]
[EventRounds "4"]
[EventCountry "CAN"]
[SourceTitle "EXT 2011"]
[Source "ChessBase"]
[SourceDate "2011.11.26"]
[SourceVersion "1"]
[SourceVersionDate "2011.11.26"]
[SourceQuality "1"]

1. e4 e6 2. d4 d5 3. exd5 Qxd5 4. Nc3 Bb4 5. a3 Bxc3+ 6. bxc3 Nf6 7. Nf3 c5 8. c4 Qd6 9. Bb2 O-O 10. Be2 Qb6 11. Rb1 cxd4 12. O-O Rd8 13. Bxd4 Qc7 14. Bd3 Nbd7 15. Re1 b6 16. Rb5 h6 17. Ne5 Nxe5 18. Bxe5 Qe7 19. Bxf6 Qxf6 20. Bh7+ Kxh7 0-1

[Event "Winnipeg TNT February op"]
[Site "Winnipeg CAN"]
[Date "2008.02.12"]
[Round "2"]
[White "Green, Aaron"]
[Black "Liu, Weixi"]
[Result "0-1"]
[WhiteElo "1574"]
[BlackElo "1905"]
[PlyCount "64"]
[GameId "2160767910442282"]
[EventDate "2008.02.05"]
[EventType "swiss"]
[EventRounds "4"]
[EventCountry "CAN"]
[SourceTitle "EXT 2011"]
[Source "ChessBase"]
[SourceDate "2011.11.26"]
[SourceVersion "1"]
[SourceVersionDate "2011.11.26"]
[SourceQuality "1"]

1. e4 e6 2. d4 d5 3. Nd2 Nc6 4. Ngf3 Nf6 5. e5 Nd7 6. Bb5 a6 7. Bxc6 bxc6 8. O-O Be7 9. c4 c5 10. Re1 O-O 11. cxd5 exd5 12. Qb3 c6 13. e6 fxe6 14. Rxe6 c4 15. Qc2 Nf6 16. Re1 Qd6 17. Ne5 Ng4 18. Ndf3 c5 19. h3 Nxe5 20. dxe5 Qc6 21. Bg5 Bxg5 22. Nxg5 Bf5 23. Qd2 h6 24. Nf3 Bxh3 25. gxh3 Rxf3 26. Rad1 d4 27. Qe2 Rxh3 28. Qe4 Qxe4 29. Rxe4 Rd3 30. Rc1 Rd2 31. Rxc4 Rxb2 32. Rxc5 d3 0-1

[Event "Winnipeg TNT February op"]
[Site "Winnipeg CAN"]
[Date "2008.02.12"]
[Round "2"]
[White "Greenberg, Harley"]
[Black "Letain, Cory"]
[Result "1-0"]
[WhiteElo "1784"]
[BlackElo "1375"]
[PlyCount "95"]
[GameId "2160767910442283"]
[EventDate "2008.02.05"]
[EventType "swiss"]
[EventRounds "4"]
[EventCountry "CAN"]
[SourceTitle "EXT 2011"]
[Source "ChessBase"]
[SourceDate "2011.11.26"]
[SourceVersion "1"]
[SourceVersionDate "2011.11.26"]
[SourceQuality "1"]

1. d4 d5 2. c4 c6 3. Nc3 Nf6 4. Nf3 dxc4 5. a4 Bf5 6. Ne5 Nbd7 7. Nxc4 e6 8. g3 Bb4 9. Bg2 Bxc3+ 10. bxc3 O-O 11. O-O Be4 12. f3 Bd5 13. Ne3 Rc8 14. c4 Bxc4 15. Nxc4 Qe7 16. Ba3 c5 17. dxc5 Nxc5 18. Qd6 Qxd6 19. Nxd6 Nxa4 20. Nxc8 Rxc8 21. Rac1 Nc3 22. Kf2 Nfd5 23. Rfd1 Nxd1+ 24. Rxd1 b5 25. f4 Nc3 26. Rd7 a5 27. Ke1 b4 28. Bb2 g6 29. Ra7 Rc5 30. Bxc3 bxc3 31. Kd1 c2+ 32. Kc1 Kg7 33. Ra6 e5 34. Rc6 Rxc6 35. Bxc6 exf4 36. gxf4 f5 37. Kxc2 Kh6 38. Bf3 g5 39. fxg5+ Kxg5 40. Kb3 h5 41. Ka4 h4 42. Kxa5 Kf4 43. Kb4 Ke3 44. Kc4 f4 45. Kd5 Kf2 46. Ke5 Kg1 47. Kxf4 Kxh2 48. e4 1-0

[Event "Winnipeg TNT February op"]
[Site "Winnipeg CAN"]
[Date "2008.02.12"]
[Round "2"]
[White "Kernetsky, Myron"]
[Black "Gibbons, Lorne"]
[Result "1-0"]
[WhiteElo "1896"]
[BlackElo "1227"]
[PlyCount "61"]
[GameId "2160767910442284"]
[EventDate "2008.02.05"]
[EventType "swiss"]
[EventRounds "4"]
[EventCountry "CAN"]
[SourceTitle "EXT 2011"]
[Source "ChessBase"]
[SourceDate "2011.11.26"]
[SourceVersion "1"]
[SourceVersionDate "2011.11.26"]
[SourceQuality "1"]

1. d4 d5 2. c4 e6 3. Nf3 c5 4. cxd5 cxd4 5. Qxd4 Qxd5 6. Qxd5 exd5 7. Nc3 Be6 8. Nb5 Bb4+ 9. Bd2 Bxd2+ 10. Nxd2 Kd7 11. e3 a6 12. Nd4 Ne7 13. Be2 Nbc6 14. N2b3 b6 15. f4 Nxd4 16. Nxd4 f5 17. Kd2 Rhc8 18. Rhc1 b5 19. Nb3 Kd6 20. Na5 Ra7 21. Rxc8 Bxc8 22. Rc1 Rc7 23. Rxc7 Kxc7 24. Kc3 Kb6 25. b4 Be6 26. Kd4 Nc6+ 27. Nxc6 Kxc6 28. Ke5 Kd7 29. a3 Ke7 30. Bf3 g6 31. Bxd5 1-0

[Event "Winnipeg TNT February op"]
[Site "Winnipeg CAN"]
[Date "2008.02.12"]
[Round "2"]
[White "Lipnowski, Samuel"]
[Black "Khedkar, Jay S"]
[Result "1-0"]
[WhiteElo "2287"]
[BlackElo "1874"]
[PlyCount "67"]
[GameId "2160767910442286"]
[EventDate "2008.02.05"]
[EventType "swiss"]
[EventRounds "4"]
[EventCountry "CAN"]
[SourceTitle "EXT 2011"]
[Source "ChessBase"]
[SourceDate "2011.11.26"]
[SourceVersion "1"]
[SourceVersionDate "2011.11.26"]
[SourceQuality "1"]

1. e4 e5 2. Nf3 Nf6 3. Nxe5 d6 4. Nf3 Nxe4 5. d4 d5 6. Bd3 Nc6 7. O-O Be7 8. c4 Nb4 9. Be2 O-O 10. a3 Nc6 11. cxd5 Qxd5 12. Nc3 Nxc3 13. bxc3 Bf5 14. Re1 Bf6 15. Bf4 Qd7 16. a4 Rfe8 17. a5 a6 18. Qb3 Be4 19. Be3 Rad8 20. Qa4 Qf5 21. Nd2 Bd3 22. Bf3 Qd7 23. h3 Ne7 24. Qxd7 Rxd7 25. Bf4 Kf8 26. Bg4 Nf5 27. Rxe8+ Kxe8 28. Re1+ Kd8 29. Nb3 Re7 30. Be5 Bxe5 31. dxe5 b6 32. Rd1 Rd7 33. Nd4 Be4 34. Re1 1-0

[Event "Winnipeg TNT February op"]
[Site "Winnipeg CAN"]
[Date "2008.02.12"]
[Round "2"]
[White "Mundwiler, Les"]
[Black "Silva, T Romero"]
[Result "1-0"]
[WhiteElo "2049"]
[BlackElo "1801"]
[PlyCount "71"]
[GameId "2160767910442287"]
[EventDate "2008.02.05"]
[EventType "swiss"]
[EventRounds "4"]
[EventCountry "CAN"]
[SourceTitle "EXT 2011"]
[Source "ChessBase"]
[SourceDate "2011.11.26"]
[SourceVersion "1"]
[SourceVersionDate "2011.11.26"]
[SourceQuality "1"]

1. c4 e5 2. Nc3 c6 3. d4 exd4 4. Qxd4 Nf6 5. Nf3 Be7 6. e4 d6 7. Bf4 O-O 8. O-O-O Bg4 9. Bxd6 Bxd6 10. Qxd6 Qa5 11. e5 Nfd7 12. Re1 Nc5 13. Be2 Nba6 14. h3 Bf5 15. Nh4 Ne4 16. Qa3 Qxe5 17. Nxf5 Qxf5 18. Nxe4 Qxe4 19. Bd3 Qd4 20. Re3 Nc5 21. Bc2 Qxc4 22. Kb1 b6 23. Rg3 Ne4 24. Rg4 Nd2+ 25. Kc1 Qd5 26. Qc3 g6 27. Qxd2 Qxa2 28. Re1 Rfe8 29. Rge4 Rxe4 30. Rxe4 Qa6 31. Bb3 Rf8 32. Re7 Qf1+ 33. Kc2 Qxg2 34. Qf4 Kg7 35. Bxf7 Rxf7 36. Rxf7+ 1-0

[Event "Winnipeg TNT February op"]
[Site "Winnipeg CAN"]
[Date "2008.02.12"]
[Round "2"]
[White "Tang, Edward"]
[Black "Wasserman, Arie"]
[Result "1-0"]
[WhiteElo "1970"]
[BlackElo "1663"]
[PlyCount "123"]
[GameId "2160767910442288"]
[EventDate "2008.02.05"]
[EventType "swiss"]
[EventRounds "4"]
[EventCountry "CAN"]
[SourceTitle "EXT 2011"]
[Source "ChessBase"]
[SourceDate "2011.11.26"]
[SourceVersion "1"]
[SourceVersionDate "2011.11.26"]
[SourceQuality "1"]

1. d4 d5 2. c4 c6 3. Nf3 Nf6 4. Nc3 h6 5. cxd5 cxd5 6. Bf4 Nc6 7. e3 Nh5 8. Bb5 Nxf4 9. exf4 Bg4 10. h3 Bxf3 11. Qxf3 e6 12. O-O Bd6 13. Rac1 O-O 14. Bxc6 bxc6 15. Na4 Rc8 16. g3 Qa5 17. b3 Qd2 18. Qc3 Qxc3 19. Rxc3 Rc7 20. Rfc1 Rfc8 21. Nc5 Bxc5 22. Rxc5 Kf8 23. Kf1 Ke7 24. Ke2 Kd6 25. Kd3 Rb8 26. R1c3 Rb5 27. a3 f6 28. b4 Rb6 29. Rc1 Ra6 30. R5c3 Rb6 31. Re1 g6 32. Rc2 Rb5 33. Rce2 Re7 34. Kc3 a5 35. g4 f5 36. gxf5 gxf5 37. Rg1 axb4+ 38. axb4 Reb7 39. Rg6 Rxb4 40. Rgxe6+ Kd7 41. Re7+ Kd8 42. Re8+ Kd7 43. R2e7+ Kd6 44. Re6+ Kd7 45. R8e7+ Kd8 46. Rxb7 Rxb7 47. Rxh6 Rb1 48. Rf6 Rh1 49. Rxf5 Rxh3+ 50. Kb4 Ke7 51. Re5+ Kd6 52. Re3 Rh4 53. Rf3 Rg4 54. Kc3 c5 55. dxc5+ Kxc5 56. f5 Rg7 57. f6 Rf7 58. Rf5 Kd6 59. Kd4 Ke6 60. Rxd5 Rxf6 61. Re5+ Kd6 62. Re2 1-0

[Event "Winnipeg TNT February op"]
[Site "Winnipeg CAN"]
[Date "2008.02.12"]
[Round "2"]
[White "Wasserman, Leor"]
[Black "Lauritson, Jim"]
[Result "0-1"]
[WhiteElo "1444"]
[BlackElo "2026"]
[PlyCount "116"]
[GameId "2160767910442289"]
[EventDate "2008.02.05"]
[EventType "swiss"]
[EventRounds "4"]
[EventCountry "CAN"]
[SourceTitle "EXT 2011"]
[Source "ChessBase"]
[SourceDate "2011.11.26"]
[SourceVersion "1"]
[SourceVersionDate "2011.11.26"]
[SourceQuality "1"]

1. e4 c5 2. Nf3 e6 3. d4 cxd4 4. Nxd4 Nc6 5. Nc3 a6 6. Nxc6 bxc6 7. e5 Qa5 8. Bf4 Rb8 9. Rb1 Rxb2 10. Bd2 Qxe5+ 11. Be2 Rxb1 12. Qxb1 Bd6 13. f4 Qd4 14. Qc1 Nf6 15. Nd1 Ne4 16. Be3 Bb4+ 17. c3 Bxc3+ 18. Nxc3 Qxc3+ 19. Qxc3 Nxc3 20. Bc4 O-O 21. O-O d5 22. Bb3 Bd7 23. Rf3 Ne4 24. Bc2 Nf6 25. Rg3 g6 26. Bd4 Nh5 27. Rf3 c5 28. Be5 Bb5 29. h4 f6 30. Bd6 Rd8 31. Bc7 Rd7 32. Bb8 d4 33. f5 gxf5 34. a4 Be2 35. Rb3 d3 36. Bxd3 Bxd3 37. Rb2 e5 38. Rb6 Kf7 39. Kf2 Nf4 40. g3 Ne6 41. Rd6 Rxd6 42. Bxd6 c4 43. Bb4 Nd4 44. Kg2 Ke6 45. a5 Kd5 46. Bc3 Nb5 47. Bb2 c3 48. Bxc3 Nxc3 49. h5 e4 50. h6 e3 51. Kf3 Kd4 52. g4 fxg4+ 53. Kxg4 e2 54. Kf3 e1=Q 55. Kg2 Be4+ 56. Kh2 Qh4+ 57. Kg1 Qg3+ 58. Kf1 Bd3# 0-1

[Event "Winnipeg TNT February op"]
[Site "Winnipeg CAN"]
[Date "2008.02.12"]
[Round "2"]
[White "Wiebe, Daniel"]
[Black "Fromme, Simon"]
[Result "1-0"]
[WhiteElo "1848"]
[BlackElo "2091"]
[PlyCount "94"]
[GameId "2160767910442290"]
[EventDate "2008.02.05"]
[EventType "swiss"]
[EventRounds "4"]
[EventCountry "CAN"]
[SourceTitle "EXT 2011"]
[Source "ChessBase"]
[SourceDate "2011.11.26"]
[SourceVersion "1"]
[SourceVersionDate "2011.11.26"]
[SourceQuality "1"]

1. e4 c5 2. Nf3 Nc6 3. d4 cxd4 4. Nxd4 Nf6 5. Nc3 e5 6. Ndb5 d6 7. Na3 Be7 8. Bc4 a6 9. O-O O-O 10. Kh1 b5 11. Bd5 Bb7 12. Ne2 Nxd5 13. Qxd5 Qd7 14. Qd1 f5 15. c4 b4 16. Nc2 fxe4 17. Ne3 Kh8 18. Nd5 Qd8 19. Be3 Bg5 20. Ng3 Bxe3 21. fxe3 a5 22. b3 Ne7 23. Rxf8+ Qxf8 24. Nc7 Rc8 25. Qxd6 Qd8 26. Nb5 Qxd6 27. Nxd6 Rc7 28. Nxb7 Rxb7 29. Rd1 h6 30. Nxe4 Nf5 31. Rd3 Rf7 32. g3 Kh7 33. Kg2 Kg6 34. Nd6 Rd7 35. c5 e4 36. Rd2 Nxe3+ 37. Kf2 Ng4+ 38. Ke2 Nxh2 39. Nxe4 Rxd2+ 40. Kxd2 Kf5 41. c6 Ke6 42. Kd3 Nf3 43. Kc4 Ne5+ 44. Kc5 Nxc6 45. Kxc6 Kf5 46. Nd2 Kg4 47. Nf1 Kf3 1-0

[Event "Winnipeg TNT February op"]
[Site "Winnipeg CAN"]
[Date "2008.02.19"]
[Round "3"]
[White "Crawford, Gary"]
[Black "Wasserman, Leor"]
[Result "0-1"]
[WhiteElo "1326"]
[BlackElo "1444"]
[PlyCount "60"]
[GameId "2160767910442291"]
[EventDate "2008.02.05"]
[EventType "swiss"]
[EventRounds "4"]
[EventCountry "CAN"]
[SourceTitle "EXT 2011"]
[Source "ChessBase"]
[SourceDate "2011.11.26"]
[SourceVersion "1"]
[SourceVersionDate "2011.11.26"]
[SourceQuality "1"]

1. e4 c5 2. c3 d6 3. h3 Nf6 4. Bd3 e6 5. Bc2 Be7 6. Nf3 O-O 7. O-O b6 8. d4 cxd4 9. cxd4 Bb7 10. Nc3 Nbd7 11. Re1 Re8 12. Qd3 Nf8 13. Bg5 h6 14. Bh4 Ng6 15. Bg3 Rc8 16. Nh4 Nf8 17. Re3 Nh5 18. Rf1 Bxh4 19. Ne2 Nxg3 20. fxg3 Bf6 21. Nf4 Qc7 22. Bb1 Qc4 23. e5 dxe5 24. dxe5 Be7 25. Kh2 Red8 26. Qxc4 Rxc4 27. b3 Rc7 28. Be4 Ba6 29. Rb1 Rd2 30. a4 Nd7 0-1

[Event "Winnipeg TNT February op"]
[Site "Winnipeg CAN"]
[Date "2008.02.19"]
[Round "3"]
[White "Fromme, Simon"]
[Black "Greenberg, Harley"]
[Result "1-0"]
[WhiteElo "2091"]
[BlackElo "1784"]
[PlyCount "69"]
[GameId "2160767910442292"]
[EventDate "2008.02.05"]
[EventType "swiss"]
[EventRounds "4"]
[EventCountry "CAN"]
[SourceTitle "EXT 2011"]
[Source "ChessBase"]
[SourceDate "2011.11.26"]
[SourceVersion "1"]
[SourceVersionDate "2011.11.26"]
[SourceQuality "1"]

1. e4 c5 2. Nf3 Nc6 3. d4 cxd4 4. Nxd4 Nf6 5. Nc3 e5 6. Ndb5 d6 7. Bg5 a6 8. Na3 b5 9. Nd5 Be7 10. Bxf6 Bxf6 11. c3 Bg5 12. Nc2 O-O 13. a4 bxa4 14. Rxa4 a5 15. h4 Bh6 16. Bc4 Kh8 17. Nce3 Ne7 18. Nxe7 Qxe7 19. Bd5 Rb8 20. Nc4 Ba6 21. b3 Qc7 22. O-O f5 23. exf5 Qe7 24. Qc2 Rb5 25. Rd1 Rxd5 26. Rxd5 Bb7 27. Rxd6 Qxh4 28. Nxa5 Bf4 29. Rxf4 Qxf4 30. Nxb7 e4 31. Qd2 e3 32. Qxe3 Qxf5 33. Rd8 Rxd8 34. Nxd8 Qd7 35. Qd4 1-0

[Event "Winnipeg TNT February op"]
[Site "Winnipeg CAN"]
[Date "2008.02.19"]
[Round "3"]
[White "Kernetsky, Myron"]
[Black "Wiebe, Daniel"]
[Result "1-0"]
[WhiteElo "1896"]
[BlackElo "1848"]
[PlyCount "35"]
[GameId "2160767910442293"]
[EventDate "2008.02.05"]
[EventType "swiss"]
[EventRounds "4"]
[EventCountry "CAN"]
[SourceTitle "EXT 2011"]
[Source "ChessBase"]
[SourceDate "2011.11.26"]
[SourceVersion "1"]
[SourceVersionDate "2011.11.26"]
[SourceQuality "1"]

1. d4 d5 2. Nf3 Nc6 3. c4 e6 4. e3 Nf6 5. Nc3 Bb4 6. Bd2 b6 7. cxd5 Nxd5 8. Bb5 Bb7 9. Qa4 Nde7 10. Qxb4 O-O 11. Qa4 Qd6 12. Rd1 Nf5 13. Bd3 Nce7 14. Be4 c6 15. O-O b5 16. Qa5 Nh6 17. Nxb5 cxb5 18. Bxb7 1-0

[Event "Winnipeg TNT February op"]
[Site "Winnipeg CAN"]
[Date "2008.02.19"]
[Round "3"]
[White "Khedkar, Jay S"]
[Black "Campbell, Gary"]
[Result "1-0"]
[WhiteElo "1874"]
[BlackElo "1637"]
[PlyCount "28"]
[GameId "2160767910442294"]
[EventDate "2008.02.05"]
[EventType "swiss"]
[EventRounds "4"]
[EventCountry "CAN"]
[SourceTitle "EXT 2011"]
[Source "ChessBase"]
[SourceDate "2011.11.26"]
[SourceVersion "1"]
[SourceVersionDate "2011.11.26"]
[SourceQuality "1"]

1. e4 c5 2. Nf3 Nc6 3. d4 cxd4 4. Nxd4 Nf6 5. Nc3 e5 6. Ndb5 d6 7. Nd5 Nxd5 8. exd5 Ne7 9. c3 a6 10. Qa4 axb5 11. Bxb5+ Bd7 12. Bxd7+ Qxd7 13. Qxa8+ Qc8 14. Qxc8+ Nxc8 1-0

[Event "Winnipeg TNT February op"]
[Site "Winnipeg CAN"]
[Date "2008.02.19"]
[Round "3"]
[White "Letain, Cory"]
[Black "Gibbons, Lorne"]
[Result "1-0"]
[WhiteElo "1375"]
[BlackElo "1227"]
[PlyCount "58"]
[GameId "2160767910442296"]
[EventDate "2008.02.05"]
[EventType "swiss"]
[EventRounds "4"]
[EventCountry "CAN"]
[SourceTitle "EXT 2011"]
[Source "ChessBase"]
[SourceDate "2011.11.26"]
[SourceVersion "1"]
[SourceVersionDate "2011.11.26"]
[SourceQuality "1"]

1. e4 e5 2. Nf3 c5 3. Nxe5 Qe7 4. d4 f6 5. Nf3 Qxe4+ 6. Qe2 Qxe2+ 7. Bxe2 d6 8. Bb5+ Bd7 9. Bxd7+ Kxd7 10. dxc5 dxc5 11. O-O Kc6 12. c4 Na6 13. Bf4 g5 14. Bg3 Rd8 15. Re1 Bd6 16. Re6 Nc7 17. Rxd6+ Rxd6 18. Bxd6 Kxd6 19. Nc3 b6 20. Ne4+ Ke7 21. Rd1 Ne8 22. a3 h6 23. b4 cxb4 24. axb4 Ke6 25. Nd4+ Ke5 26. f3 Ne7 27. b5 Nc7 28. Nc6+ Nxc6 29. bxc6 Rc8 1-0